UM Logo

An active-neutral-point-clamped switched-capacitor multilevel inverter with quasi-resonant capacitor charging / (Record no. 21458)

MARC details
000 -LEADER
fixed length control field 01205nam a22002657a 4500
003 - CONTROL NUMBER IDENTIFIER
control field OSt
005 - DATE AND TIME OF LATEST TRANSACTION
control field 20250404082933.0
008 - FIXED-LENGTH DATA ELEMENTS--GENERAL INFORMATION
fixed length control field 240910b ||||| |||| 00| 0 eng d
040 ## - CATALOGING SOURCE
Transcribing agency 0
082 ## - DEWEY DECIMAL CLASSIFICATION NUMBER
Classification number DPer 621.317 Ie21 December 2022 v.37 n. 12 part 1&2.
100 ## - MAIN ENTRY--PERSONAL NAME
Personal name Pal, Pradipta Kumar.
Relator term author.
9 (RLIN) 60592
245 ## - TITLE STATEMENT
Title An active-neutral-point-clamped switched-capacitor multilevel inverter with quasi-resonant capacitor charging /
Statement of responsibility, etc. Pradipta Kumar Pal, Kartick Chandra Jana, Yam P. Siwakoti, Saikat Majumdar, and Frede Blaabjerg.
260 ## - PUBLICATION, DISTRIBUTION, ETC. (IMPRINT)
Place of publication, distribution, etc. New York ;
Name of publisher, distributor, etc. The Institute of Electrical and Electronics Engineers, Inc.,
Date of publication, distribution, etc. December 2022.
300 ## - PHYSICAL DESCRIPTION
Extent volume 37,pages 14888-14901,
Other physical details illustration.
500 ## - GENERAL NOTE
General note IEEE Transactions on Power Electronics, v. 37 n. 12, pages 14888-14901, December 2022.
650 #0 - SUBJECT ADDED ENTRY--TOPICAL TERM
Topical term or geographic name as entry element nine-level inverter.
9 (RLIN) 66161
650 #0 - SUBJECT ADDED ENTRY--TOPICAL TERM
Topical term or geographic name as entry element quasi-resonance.
9 (RLIN) 66162
650 #0 - SUBJECT ADDED ENTRY--TOPICAL TERM
Topical term or geographic name as entry element switched capacitor (SC).
9 (RLIN) 66163
700 ## - ADDED ENTRY--PERSONAL NAME
Personal name Pal, Pradipta Kumar.
Relator term author.
9 (RLIN) 60592
700 ## - ADDED ENTRY--PERSONAL NAME
Personal name Jana, Kartick Chandra
Relator term author.
9 (RLIN) 60593
700 ## - ADDED ENTRY--PERSONAL NAME
Personal name Siwakoti, Yam P.
Relator term author.
9 (RLIN) 60594
700 ## - ADDED ENTRY--PERSONAL NAME
Personal name Majumdar, Saikat.
Relator term author.
9 (RLIN) 60595
700 ## - ADDED ENTRY--PERSONAL NAME
Personal name Blaabjerg, Frede.
Relator term author.
9 (RLIN) 60596
942 ## - ADDED ENTRY ELEMENTS (KOHA)
Source of classification or shelving scheme Dewey Decimal Classification
Koha item type Periodicals
Holdings
Withdrawn status Lost status Source of classification or shelving scheme Damaged status Not for loan Collection code Home library Current library Date acquired Total Checkouts Full call number Date last seen Price effective from Koha item type Public note
    Dewey Decimal Classification     Periodicals UM Digos College - LIC UM Digos College - LIC 09/10/2024   DPer 621.317 Ie21 December 2022 v.37 n. 12 part 1&2. 09/10/2024 09/10/2024 Periodicals Periodical Article